000 00851nam a2200217 a 4500
001 000027992
005 20240314073719.0
008 110406s1996 dr 000 0dspa d
040 _aDO-SdBNP
_bspa
_cBNPHU
082 _aF-RD 12
245 0 0 _aIdeario de Duarte /
_ccompilado y anotado por Vetilio Alfau Durán ; presentación José Joaquín Pérez Saviñon.
250 _a5a ed.
260 _aSanto Domingo :
_bInstituto Duartiano,
_bMuseo y Casa de Duarte,
_c1996.
300 _a30 p. :
_bil., retrs. ;
_c16 cm.
500 _aIncluye referencias bibliográficas y notas al pie de páginas.
600 1 0 _aDuarte, Juan Pablo,
_d1813-1876
_91494
651 4 _aRepública Dominicana
_xHistoria
_y1844-1930
_xFuentes
_938423
700 1 _aAlfau Durán, Vetilio,
_d1909-1985
_ecomp.
_910091
910 _aValidado. Control de calidad EMS
049 _aBNPD
999 _c27484
_d27484